[Event "Poznan op 27th"]
[Site "Poznan"]
[Date "2019.08.25"]
[Round "9"]
[White "Purczynski, Andrzej"]
[Black "Pieczewska, Jadwiga"]
[Result "1/2-1/2"]
[WhiteElo "1248"]
[BlackElo "1025"]
[PlyCount "52"]
[EventDate "2019.08.18"]
[EventType "swiss"]
[EventRounds "9"]
[EventCountry "POL"]
[SourceTitle "EXT 2020"]
[Source "ChessBase"]
[SourceDate "2019.10.17"]
[SourceVersion "1"]
[SourceVersionDate "2019.10.17"]
[SourceQuality "1"]

1. b4 e6 2. Bb2 d5 3. e3 Nf6 4. b5 Be7 5. c4 0-0 6. Nf3 c5 7. d4 cxd4 8. Bxd4 dxc4 9. Bxc4 Qa5+ 10. Bc3 Bb4 11. Qc2 Bd7 12. a3 Bxc3+ 13. Qxc3 Qxc3+ 14. Nxc3 Rc8 15. Nd2 Ng4 16. Nce4 Ne5 17. Be2 h6 18. 0-0 Rc2 19. Rfc1 Rb2 20. Rcb1 Rxb1+ 21. Rxb1 a6 22. a4 axb5 23. axb5 Ra2 24. f4 Ng6 25. Bc4 Ra3 26. Kf2 Ne7 1/2-1/2

[Event "Poznan op 27th"]
[Site "Poznan"]
[Date "2019.08.24"]
[Round "8"]
[White "Pieczewska, Jadwiga"]
[Black "Zak, Mateusz"]
[Result "1/2-1/2"]
[WhiteElo "1025"]
[BlackElo "1375"]
[PlyCount "122"]
[EventDate "2019.08.18"]
[EventType "swiss"]
[EventRounds "9"]
[EventCountry "POL"]
[SourceTitle "EXT 2020"]
[Source "ChessBase"]
[SourceDate "2019.10.17"]
[SourceVersion "1"]
[SourceVersionDate "2019.10.17"]
[SourceQuality "1"]

1. c4 Nf6 2. Nc3 d6 3. Nf3 g6 4. g3 Bg7 5. Bg2 0-0 6. 0-0 c5 7. d4 cxd4 8. Nxd4 a6 9. Be3 Ng4 10. Qd2 e5 11. Nb3 Nxe3 12. Qxe3 Nc6 13. Rfd1 Nd4 14. Qd2 Qc7 15. e3 Nf5 16. Qd3 Be6 17. Nd2 Rfd8 18. Rac1 Rac8 19. b3 Qa5 20. Nde4 d5 21. Nxd5 Bxd5 22. cxd5 Rxc1 23. Rxc1 Nd6 24. a4 f5 25. Nxd6 Rxd6 26. e4 fxe4 27. Bxe4 Qb4 28. Qc4 Qb6 29. Qc5 Kf8 30. Qc8+ Rd8 31. Qc5+ Rd6 32. Qxb6 Rxb6 33. Rc3 Ke7 34. Rc7+ Kf6 35. Rc3 Rd6 36. a5 Bf8 37. Rc7 b6 38. axb6 Rxb6 39. Rc6+ Rxc6 40. dxc6 Bd6 41. h4 a5 42. Kf1 Bc7 43. Ke2 Ke7 44. Kd3 Kd6 45. Kc4 Bd8 46. Kb5 Bc7 47. b4 axb4 48. Kxb4 Bb6 49. f3 Bf2 50. g4 Bxh4 51. Kb5 Bd8 52. Kc4 Ke6 53. Kd3 Kf6 54. Ke3 Kg5 55. Kf2 Kf4 56. Kg2 Bc7 57. Kh3 Kg5 58. Kg3 Bd8 59. Bd5 h5 60. gxh5 gxh5 61. Be4 Bc7 1/2-1/2

[Event "Poznan op 27th"]
[Site "Poznan"]
[Date "2019.08.19"]
[Round "3"]
[White "Zarzycki, Lukasz"]
[Black "Pieczewska, Jadwiga"]
[Result "1-0"]
[WhiteElo "1397"]
[BlackElo "1025"]
[PlyCount "99"]
[EventDate "2019.08.18"]
[EventType "swiss"]
[EventRounds "9"]
[EventCountry "POL"]
[SourceTitle "EXT 2020"]
[Source "ChessBase"]
[SourceDate "2019.10.17"]
[SourceVersion "1"]
[SourceVersionDate "2019.10.17"]
[SourceQuality "1"]

1. e4 e6 2. d4 d5 3. Nc3 Nf6 4. Bg5 Be7 5. e5 Nfd7 6. Bxe7 Qxe7 7. f4 0-0 8. Nf3 c5 9. Qd2 Nc6 10. 0-0-0 a6 11. f5 f6 12. fxe6 Qxe6 13. dxc5 d4 14. Nxd4 Qxe5 15. Nxc6 bxc6 16. Bc4+ Kh8 17. Qd6 Qxc5 18. Qxc5 Nxc5 19. Rd6 Bb7 20. b4 Nb3+ 21. cxb3 a5 22. bxa5 Rxa5 23. Rhd1 Raa8 24. Rd7 Bc8 25. Rc7 Bg4 26. Re1 Rae8 27. Ree7 Rxe7 28. Rxe7 f5 29. Be2 h6 30. Rc7 Bxe2 31. Nxe2 Re8 32. Kd2 Rd8+ 33. Kc2 Ra8 34. a4 Re8 35. Kd3 Rd8+ 36. Nd4 f4 37. Rxc6 Rf8 38. a5 Kh7 39. a6 Ra8 40. b4 Rb8 41. a7 Ra8 42. Ra6 g6 43. b5 h5 44. b6 Kh6 45. b7 Rxa7 46. Rxa7 g5 47. Ra6+ Kg7 48. b8Q Kf7 49. Qb7+ Ke8 50. Ra8# 1-0